000 00261nam a2200109Ia 4500
008 190802s9999 xx 000 0 und d
100 _aRobert F.Meigs
245 0 _aStudent Manual Accounting
260 _aIndia
_bPearson
_c2013
300 _a310:p
942 _cBK
999 _c2181
_d2181